| 000 | 00566nam a2200217Ia 4500 | ||
|---|---|---|---|
| 999 |
_c25192 _d25192 |
||
| 003 | 0100 | ||
| 005 | 20180226103553.0 | ||
| 008 | 130303s9999 xx 000 0 und d | ||
| 020 | _a0869754661 | ||
| 040 | _cARRUPELIB | ||
| 050 | _aDT763.P7 1995 | ||
| 100 |
_aPlaatje, Solomon Tshekisho _939543 |
||
| 245 | _aNative Life in South Africa / | ||
| 260 |
_aRandburg _bRavan Press _c1995 |
||
| 300 | _a437p. | ||
| 300 | _b 18cm. | ||
| 440 |
_aRavan Writers Series _939544 |
||
| 650 |
_aIndigenous peoples _zSouth Africa _913358 |
||
| 650 |
_aSouth Africa _xHistory _xRebellion 1914-1915 _939545 |
||
| 650 |
_aLand tenure _xLaw and legislation _zSouth Africa _939546 |
||
| 942 |
_2lcc _cMONOGRAPH |
||